Statystyki dla Królowie strzelców Ekstraklasy (1999 - 2019)

Kliknij tutaj aby rozwiązać quiz!

Ogólne statystyki

  • Ten quiz został rozwiązany 150 razy
    (138 od ostatniego zresetowania)
  • Średni wynik to 14 z 22

Statystyki odpowiedzi

KlubPiłkarzSezon% Poprawnych
Lech PoznańRobert Lewandowski2009/10
84%
Wisła KrakówPaweł Brożek2007/08
77%
Wisła KrakówPaweł Brożek2008/09
77%
Jagiellonia
Białystok
Tomasz Frankowski2010/11
76%
Wisła KrakówTomasz Frankowski2000/01`
76%
Wisła KrakówTomasz Frankowski1999/20
76%
Wisła KrakówTomasz Frankowski2004/05
76%
Górnik ZabrzeIgor Angulo2018/19
75%
Wisła KrakówMaciej Żurawski2003/04
71%
Wisła KrakówMaciej Żurawski2001/02
71%
Pogoń SzczecinMarcin Robak2013/14
71%
Lech PoznańMarcin Robak2016/17
71%
Lechia GdańskMarco Paixão2016/17
69%
WisłaKrakówCarlitos2017/18
66%
Legia WarszawaNemanja Nikolić2015/16
65%
Lech PoznańArtiom Rudnevs2011/12
59%
Lech PoznańPiotr Reiss2006/07
55%
Piast GliwiceKamil Wilczek2014/15
54%
Podbeskidzie
Bielsko-Biała
Robert Demjan2012/13
52%
Korona KielceGrzegorz Piechna2005/06
45%
Legia WarszawaTakesure Chinyama2008/09
39%
Legia WarszawaStanko Svitlica2002/03
34%

Rozkład punktacji

Percentyl według liczby udzielonych odpowiedzi

Procent ludzi z każdym wynikiem

Twoja historia wyników

Nie rozwiązałeś tego quizu od ostatniego zresetowania